000 01602nam a2200433 i 4500
001 DIGLOM01064
003 NyNyDIG
006 m o d
007 cr |||||||||||
008 230118s2010 cl a ob 000 0 spa d
035 _a(OCoLC)871536337
040 _aDGITA
_beng
_erda
_epn
_cDGITA
020 _z9789560001771
050 1 4 _aB823.3 ebook
082 0 4 _a320.5
100 1 _aLarraín, Jorge,
_d1942-
_eauthor.
245 1 3 _aEl concepto de ideología.
_nvolumen IV,
_pPostestructuralismo, postmodernismo y postmarxismo /
_cJorge Larraín.
246 3 0 _aPostestructuralismo, postmodernismo y postmarxismo
264 1 _aSantiago de Chile :
_bLOM Ediciones,
_c[2010]
300 _a1 online resource :
_billustrations.
336 _atext
_btxt
_2rdacontent
337 _acomputer file
_bc
_2rdamedia
338 _aonline resource
_bcr
_2rdacarrier
347 _atext file
_2rdaft
347 _bEPUB
347 _bPDF
504 _aIncludes bibliographical references.
588 0 _aOnline resource; title from ePub title page (Digitalia, viewed January 18, 2023)
650 0 _aPoststructuralism.
650 0 _aPostmodernism.
650 0 _aSocialism.
650 0 _aIdeology.
776 0 8 _iPrint version:
_aLarraín, Jorge, 1942-
_tConcepto de ideología.
_bPrimera edición.
_dSantiago de Chile : LOM Ediciones, 2010
_z9789560001771
791 2 _aDigitalia (Firm),
_edistributor.
793 0 _gDigitalia eBook Collection:
_aLOM Ediciones
856 4 0 _3Digitalia Hispánica
_uhttps://www.digitaliapublishing.com/a/13176/
910 _aPremium collection: 2023
942 _cRAA
999 _c232911
_d232911